000 00577nam a22001937a 4500
999 _c8376
_d8376
008 201117b ||||| |||| 00| 0 eng d
040 _aBMS College of Architecture
100 _aB N, Roshni
245 _aNisargasatava
300 _a59p.
500 _a1BM15AT082
502 _8B,Arch
_NBMS College of Architecture, Visvesvaraya Technological University (VTU)
_aProject report
_d2019
650 _aMedicinal plants
650 _aAyurveda system
650 _aHuman civilization
700 _aSri Ganeshrajendran
_eGuide
700 _aKerman Sen
_eGuide
942 _2ddc
_cTHE